000
00225 a2200097 4500
001
48537
100
_a
Milford, H
245
_a
Geography through map reading
260
_a
London
_b
Oxford univ press
_c
090
_c
31469
_d
31469
942
_a
NUST-CAE
_c
M
_c
23857
999
_c
283610
_d
283610